00689 a2200265 4500260001000000260001000010260001400020260001100034630011500045650003100160100001700191260001100208300001100219245003400230650001800264650001500282650003400297260000900331300001000340100000700350037001000357037000900367250002900376020001800405 aParis aMilan aBarcelone aMexico a91 - Geographie. Exploration de la terre, des diverses regions, des divers pays. Voyages. Geographie regionale a9 - GEOGRAPHIE ET HISTOIRE aNoin, Daniel bMASSON a304 p. aGéographie de la population aDémographie apopulation aGéographie de la population c1988 b24 cm lFr aL9972 a9973 a2è éd. rev. et corr. a2-225-81181-4